000 00253nam a2200097Ia 4500
008 220204s9999 xx 000 0 und d
082 _a912
_bIND
245 0 _aRashtriya Panchang
260 _aNew Delhi
_bDirector General of observations
_c1960
942 _cBK
999 _c19858
_d19858